[Event "Florianopolis op 10th"]
[Site "Florianopolis"]
[Date "2024.01.22"]
[Round "3"]
[White "Altenhofen, Rafael Graneto"]
[Black "Viana, Daniel Fernandes"]
[Result "0-1"]
[WhiteElo "1446"]
[BlackElo "1830"]
[PlyCount "56"]
[EventDate "2024.01.20"]
[EventType "swiss"]
[EventRounds "10"]
[EventCountry "BRA"]
[SourceTitle "CB05_2024"]
[SourceDate "2024.01.31"]
[SourceVersion "1"]
[SourceVersionDate "2024.01.31"]
[SourceQuality "1"]

1. d4 Nf6 2. c4 g6 3. f3 Bg7 4. Nc3 0-0 5. e4 d6 6. Be3 c5 7. Nge2 Nc6 8. Qd2 Qa5 9. d5 Ne5 10. Nc1 a6 11. Nb3 Qc7 12. Be2 e6 13. 0-0 exd5 14. Nxd5 Nxd5 15. exd5 Rb8 16. f4 Ng4 17. Bxg4 Bxg4 18. a4 b5 19. cxb5 axb5 20. a5 Rfe8 21. h3 Bd7 22. Rfe1 b4 23. Bf2 Rxe1+ 24. Rxe1 Ba4 25. Nc1 Qxa5 26. Re7 Bf6 27. Re2 Bb5 28. Re4 Qa1 0-1

[Event "Joacaba op 2nd"]
[Site "Joacaba"]
[Date "2023.07.02"]
[Round "6"]
[White "Werneck, Aline"]
[Black "Altenhofen, Rafael Graneto"]
[Result "0-1"]
[WhiteElo "1800"]
[BlackElo "1326"]
[PlyCount "55"]
[EventDate "2023.06.30"]
[EventType "swiss"]
[EventRounds "6"]
[EventCountry "BRA"]
[SourceTitle "CBM 215 Extra"]
[Source "ChessBase"]
[SourceDate "2023.09.30"]
[SourceVersion "1"]
[SourceVersionDate "2023.09.30"]
[SourceQuality "1"]

1. d4 d5 2. Nf3 Nf6 3. Bg5 c6 4. a3 Bf5 5. Nh4 Bg6 6. Nxg6 fxg6 7. f3 Nbd7 8. e3 e5 9. dxe5 Nxe5 10. Nc3 Be7 11. Qd4 Ned7 12. Bd3 0-0 13. Qh4 Ne5 14. Be2 h6 15. Bxf6 Bxf6 16. Qb4 Qc7 17. f4 Be7 18. Qb3 Nd7 19. 0-0-0 Nc5 20. Qa2 Rfd8 21. g3 Kh8 22. Bf3 g5 23. Ne2 Bf6 24. Rhe1 b5 25. Nd4 Bxd4 26. Rxd4 Ne6 27. Rdd1 gxf4 28. exf4 0-1

[Event "Joacaba op 2nd"]
[Site "Joacaba"]
[Date "2023.07.01"]
[Round "4"]
[White "Sartori, Bernardo"]
[Black "Altenhofen, Rafael Graneto"]
[Result "0-1"]
[WhiteElo "1732"]
[BlackElo "1326"]
[PlyCount "48"]
[EventDate "2023.06.30"]
[EventType "swiss"]
[EventRounds "6"]
[EventCountry "BRA"]
[SourceTitle "CBM 215 Extra"]
[Source "ChessBase"]
[SourceDate "2023.09.30"]
[SourceVersion "1"]
[SourceVersionDate "2023.09.30"]
[SourceQuality "1"]

1. e4 c5 2. Nf3 e6 3. c3 Nf6 4. Be2 Nxe4 5. d3 Nf6 6. d4 d5 7. Be3 cxd4 8. cxd4 Bd6 9. Ne5 0-0 10. 0-0 Nbd7 11. Bf4 Qc7 12. Nxd7 Bxd7 13. Bxd6 Qxd6 14. Nc3 a6 15. Qd2 Rac8 16. Rac1 Rc6 17. a3 Rfc8 18. Rc2 Qc7 19. Rfc1 Ne4 20. Nxe4 Rxc2 21. Rxc2 Qxc2 22. Qxc2 Rxc2 23. f3 dxe4 24. Kf2 Bb5 0-1

[Event "Florianopolis op 9th"]
[Site "Florianopolis"]
[Date "2023.01.29"]
[Round "10"]
[White "Campagnolo, Bruna"]
[Black "Altenhofen, Rafael Graneto"]
[Result "1-0"]
[WhiteElo "1607"]
[BlackElo "1315"]
[PlyCount "81"]
[EventDate "2023.01.23"]
[EventType "swiss"]
[EventRounds "10"]
[EventCountry "BRA"]
[SourceTitle "CBM 212 Extra"]
[Source "ChessBase"]
[SourceDate "2023.03.31"]
[SourceVersion "1"]
[SourceVersionDate "2023.03.31"]
[SourceQuality "1"]

1. d4 d5 2. e3 Nf6 3. f4 e6 4. Bd3 Nbd7 5. Nf3 Be7 6. 0-0 0-0 7. Nbd2 c5 8. c3 a6 9. Ne5 b5 10. g4 Qc7 11. g5 Ne8 12. Qh5 g6 13. Qh6 f6 14. Nxg6 Rf7 15. Nxe7+ Rxe7 16. Kh1 f5 17. g6 hxg6 18. Qxg6+ Ng7 19. Nf3 Nf8 20. Qh6 cxd4 21. cxd4 Ne8 22. Ng5 Qd6 23. Rg1 Rg7 24. Bd2 Raa7 25. a3 Rg6 26. Qh4 Rc7 27. Rg3 Nf6 28. Bb4 Qd8 29. Bxf8 Kxf8 30. Nxe6+ Bxe6 31. Rxg6 Rf7 32. Rag1 Ke7 33. Qg5 Ke8 34. Bxf5 Bxf5 35. Qxf5 Kf8 36. Qg5 Qd6 37. Qh6+ Ke8 38. Rg8+ Ke7 39. R8g7 Qe6 40. Rxf7+ Kxf7 41. Rg7+ 1-0

[Event "Florianopolis op 9th"]
[Site "Florianopolis"]
[Date "2023.01.23"]
[Round "1"]
[White "Altenhofen, Rafael Graneto"]
[Black "Pontes, Israel Fellip"]
[Result "0-1"]
[WhiteElo "1315"]
[BlackElo "1947"]
[PlyCount "70"]
[EventDate "2023.01.23"]
[EventType "swiss"]
[EventRounds "10"]
[EventCountry "BRA"]
[SourceTitle "CBM 212 Extra"]
[Source "ChessBase"]
[SourceDate "2023.03.31"]
[SourceVersion "1"]
[SourceVersionDate "2023.03.31"]
[SourceQuality "1"]

1. d4 d5 2. c4 e6 3. Nc3 Be7 4. Bf4 Nf6 5. Nf3 0-0 6. e3 a6 7. Be2 dxc4 8. Bxc4 b5 9. Bd3 Bb7 10. 0-0 Nbd7 11. Rc1 Rc8 12. h3 c5 13. dxc5 Nxc5 14. Be2 Qb6 15. b4 Nce4 16. Nxe4 Nxe4 17. Qb3 Bf6 18. Ne5 Nd2 19. Nd7 Rxc1 20. Nxb6 Nxb3 21. axb3 Rxf1+ 22. Kxf1 Rd8 23. Bc7 Rd2 24. Bh5 Bc3 25. g3 Bxb4 26. Bf4 Bc5 27. Bc7 Bd6 28. Ke1 Bxc7 29. Kxd2 Bxb6 30. Kc3 a5 31. Be2 Bc6 32. Kd3 Kf8 33. f4 Ke7 34. e4 Kd6 35. g4 Kc5 0-1

[Event "Concordia op 6th"]
[Site "Concordia"]
[Date "2022.10.14"]
[Round "5"]
[White "Bittencourt, Alica E Decezare"]
[Black "Altenhofen, Rafael Graneto"]
[Result "1/2-1/2"]
[WhiteElo "1393"]
[BlackElo "1800"]
[PlyCount "102"]
[EventDate "2022.10.12"]
[EventType "swiss"]
[EventRounds "9"]
[EventCountry "BRA"]
[SourceTitle "CBM 210 Extra"]
[Source "ChessBase"]
[SourceDate "2022.11.30"]
[SourceVersion "1"]
[SourceVersionDate "2022.11.30"]
[SourceQuality "1"]

1. e4 e5 2. Nf3 Nc6 3. Bc4 Bc5 4. Nc3 d6 5. d3 h6 6. Be3 Bb6 7. h3 Be6 8. Bb3 Nf6 9. Qd2 Qd7 10. Nd5 Bxd5 11. Bxd5 Nxd5 12. exd5 Ne7 13. c4 c6 14. dxc6 Nxc6 15. Bxb6 axb6 16. Qe3 Nb4 17. Qd2 Nc6 18. d4 f6 19. 0-0 0-0 20. dxe5 fxe5 21. Qd5+ Kh8 22. Rfd1 Rfd8 23. Qb5 Qc7 24. b4 Ne7 25. a3 Rdc8 26. Nxe5 dxe5 27. Rd7 Qxc4 28. Qxc4 Rxc4 29. Rxe7 e4 30. Rxb7 Rxb4 31. axb4 Rxa1+ 32. Kh2 Ra2 33. Kg3 g5 34. Rxb6 Kg7 35. f3 e3 36. Re6 Rb2 37. Rxe3 Rxb4 38. Re4 Rb6 39. Rg4 Kf6 40. h4 Rb3 41. Rc4 Rb6 42. Kg4 Kg6 43. hxg5 hxg5 44. f4 Rb2 45. g3 gxf4 46. gxf4 Rb6 47. f5+ Kh6 48. Re4 Rd6 49. Re6+ Rxe6 50. fxe6 Kg6 51. Kf4 Kf6 1/2-1/2

[Event "Concordia op 6th"]
[Site "Concordia"]
[Date "2022.10.13"]
[Round "3"]
[White "Altenhofen, Rafael Graneto"]
[Black "Bittencourt, Arian G Decezare"]
[Result "0-1"]
[WhiteElo "1800"]
[BlackElo "1460"]
[PlyCount "88"]
[EventDate "2022.10.12"]
[EventType "swiss"]
[EventRounds "9"]
[EventCountry "BRA"]
[SourceTitle "CBM 210 Extra"]
[Source "ChessBase"]
[SourceDate "2022.11.30"]
[SourceVersion "1"]
[SourceVersionDate "2022.11.30"]
[SourceQuality "1"]

1. d4 d5 2. c4 c6 3. Nf3 Nf6 4. Bf4 Nbd7 5. e3 e6 6. Nc3 Bb4 7. a3 Ba5 8. b4 Bc7 9. Bg3 b6 10. Be2 0-0 11. 0-0 Ba6 12. cxd5 Bxe2 13. Qxe2 cxd5 14. Rac1 Bxg3 15. hxg3 a6 16. Rc2 b5 17. Rfc1 Nb6 18. Ne5 Nc4 19. Nxc4 dxc4 20. Rd2 Nd5 21. Nxd5 exd5 22. f3 Qg5 23. Kf2 Rfe8 24. Re1 h6 25. Qf1 a5 26. Qh1 axb4 27. axb4 Ra3 28. Qh4 Qxh4 29. gxh4 Rb3 30. Ree2 Rxb4 31. Rb2 Rxb2 32. Rxb2 Rb8 33. Ke2 b4 34. Kd1 f5 35. Kc2 Kf7 36. g3 Kf6 37. f4 g5 38. hxg5+ hxg5 39. Kd1 b3 40. Kd2 gxf4 41. gxf4 Rh8 42. Kc3 Ra8 43. Rh2 Ra2 44. Rh8 Rc2+ 0-1